| 000 | 00654nam a2200193Ia 4500 | ||
|---|---|---|---|
| 005 | 20250508160437.0 | ||
| 008 | 008 250505s9999 xx 000 0 eng d | ||
| 037 | _aBooks to be hide in OPAC | ||
| 040 |
_aFEDL _beng _cFEDL |
||
| 041 |
_aeng _2eng |
||
| 084 |
_a025, AME/O _qFEDL |
||
| 245 | 0 | _aDescriptive list of professional and nonprofessional duties in libraries | |
| 245 | 0 | _cSubcommittee on Analysis of Library Duties of the A. L. A. Board on Personnel Adminstration | |
| 260 |
_aChicago _bAmerican Library Association _c1948 |
||
| 300 | _avi,75p. | ||
| 365 |
_aUSD _b1.5 |
||
| 942 |
_cHB _h025, AME/O |
||
| 999 |
_c1364638 _d1364638 |
||